INDUSTRIAL PHARMACY - II [ B.PHARMA, 7TH. SEMESTER ] (Record no. 8671)

MARC details
000 -LEADER
fixed length control field 00535nam a22001817a 4500
005 - DATE AND TIME OF LATEST TRANSACTION
control field 20240920145943.0
008 - FIXED-LENGTH DATA ELEMENTS--GENERAL INFORMATION
fixed length control field 240919b |||||||| |||| 00| 0 eng d
020 ## - INTERNATIONAL STANDARD BOOK NUMBER
ISBN 978-93-90031-66-5
041 ## - LANGUAGE CODE
Language code of text/sound track or separate title eng
082 ## - DEWEY DECIMAL CLASSIFICATION NUMBER
Classification number 615
100 ## - MAIN ENTRY--AUTHOR NAME
Personal name K.B., DR. ILANGO & SHUKLA, DR. VIKASH KUMAR AND LAKADE, DR. SAMEER H.
245 ## - TITLE STATEMENT
Title INDUSTRIAL PHARMACY - II [ B.PHARMA, 7TH. SEMESTER ]
250 ## - EDITION STATEMENT
Edition statement RE.PRINT ED. 2023
260 ## - PUBLICATION, DISTRIBUTION, ETC. (IMPRINT)
Place of publication LUCKNOW
Name of publisher THAKUR PUBLICATION PVT.LTD
300 ## - PHYSICAL DESCRIPTION
Number of Pages 207;P
650 ## - SUBJECT ADDED ENTRY--TOPICAL TERM
Topical Term PHARMACY
General subdivision B.PHARMA
942 ## - ADDED ENTRY ELEMENTS (KOHA)
Koha item type Books
Holdings
Lost status Damaged status Collection code Home library Current library Shelving location Date acquired Source of acquisition Cost, normal purchase price Serial Enumeration / chronology Full call number Accession Number Koha item type
    PHARMACY JRU Library JRU Library SHELF-3-C 13/09/2024 PURCHASE 200.00 NEW ARRIVALS SHELF 615 28498 Books
    PHARMACY JRU Library JRU Library Shelf - 22- C 13/09/2024 PURCHASE 200.00   615 28499 Books
    PHARMACY JRU Library JRU Library Shelf - 22- C 13/09/2024 PURCHASE 200.00   615 28500 Books